Thin-layer chromatography : a laboratory handbook /

Guardado en:
Otros Autores: Stahl, E. (Editor , ed.), Ashworth, M.R. F. (Traductor, tr.)
Formato: Libro
Idioma:English
German
Publicado: Berlin : Springer-Verlag, 1969.
Edición:2nd ed., fully rev. and expanded.
Materias:
Etiquetas: Agregar Etiqueta
Sin Etiquetas, Sea el primero en etiquetar este registro!
LEADER 01038cam a22002535a 4500
001 EIQ.libpla000887
008 691029s1969####wb#afo###b####001#0#eng#d
005 20060613190041.0
245 0 0 |a Thin-layer chromatography :  |b a laboratory handbook /  |c edited by Egon Stahl ; translated by M. R. F. Ashworth. 
250 |a 2nd ed., fully rev. and expanded. 
260 |a Berlin :  |b Springer-Verlag,  |c 1969. 
300 |a xxiv, 1041 p., 5 h. de láms. (algunas plegs.) ;  |c 24 cm. :  |b il., fotos. 
500 |a Traducción de: Dünnschicht-Chromatographie. 
500 |a "With 241 figures and 3 plates in color". 
504 |a Incluye referencias bibliográficas e índice. 
700 1 |a Stahl, E.  |q (Egon),  |e ed.  |4 edt 
700 1 |a Ashworth, M.R. F.  |q (Michael Raymond Frederick),  |e tr.  |4 trl 
082 0 0 |a 543/.085 
650 4 |a Cromatografía  |x Manuales de laboratorio. 
650 4 |a Chromatography  |x Laboratory manuals. 
010 |a  69014538  
040 |a DLC  |c DLC  |d AR-BbSID 
041 1 |a eng  |h ger 
859 |a AR-BbSID  |b BIB. PLAPIQUI  |h 544.927  |i T 348  |p 1668